|
|
|
|
| LEADER |
00000nam0a2200000 4500 |
| 001 |
182883 |
| 005 |
20231101223725.0 |
| 010 |
|
|
|a 9785498076638
|
| 035 |
|
|
|a (RuTPU)RU\TPU\book\198252
|
| 090 |
|
|
|a 182883
|
| 100 |
|
|
|a 20100628d2010 m y0rusy50 ca
|
| 101 |
0 |
|
|a rus
|
| 102 |
|
|
|a RU
|
| 105 |
|
|
|a a j 001zy
|
| 200 |
1 |
|
|a Антикризисное управление человеческими ресурсами
|e учебное пособие для вузов
|f под ред. Н. А. Горелова
|
| 210 |
|
|
|a СПб.
|c Питер
|d 2010
|
| 215 |
|
|
|a 432 с.
|c ил.
|
| 225 |
1 |
|
|a Учебное пособие
|
| 320 |
|
|
|a Библиогр.: с. 426-428.
|
| 330 |
|
|
|a Книга посвящена актуальному научному направлению — теории и методологии антикризисного управления человеческими ресурсами. С системных позиций даны концептуальные основы антикризисного управления в российской экономике и осуществлена систематизация знания в области реструктуризации и реинжиниринга персонала. В основу положены научно-исследовательские работы Санкт-Петербургского государственного университета экономики и финансов, выполненные с участием авторов, опыт решения проблем реформирования предприятий, а также лекции, прочитанные авторами для участников Президентской программы по подготовке управленческих кадров для организаций народного хозяйства России. Курс «Антикризисное управление человеческими ресурсами» читается в соответствии с Государственным образовательным стандартом высшего профессионального образования по магистерской программе 521504 «Управление человеческими ресурсами» и программе 521614 «Экономика труда», а также для бакалавров других экономических специальностей. Книга предназначена для студентов экономических специальностей вузов, руководителей и специалистов организаций, предпринимателей, слушателей курсов МВА и повышения квалификации в сфере производства и управления.
|
| 606 |
1 |
|
|a Персонал
|x Управление
|2 stltpush
|3 (RuTPU)RU\TPU\subj\36605
|9 57925
|
| 610 |
1 |
|
|a экономика
|
| 610 |
1 |
|
|a труд
|
| 610 |
1 |
|
|a антикризисное управление
|
| 610 |
1 |
|
|a антикризисный менеджмент
|
| 610 |
1 |
|
|a человеческие ресурсы
|
| 610 |
1 |
|
|a экономические кризисы
|
| 610 |
1 |
|
|a государственное регулирование
|
| 610 |
1 |
|
|a рабочая сила
|
| 610 |
1 |
|
|a предприятия
|
| 610 |
1 |
|
|a стратегии
|
| 610 |
1 |
|
|a реструктуризация
|
| 610 |
1 |
|
|a реинжиниринг
|
| 610 |
1 |
|
|a организационная структура
|
| 610 |
1 |
|
|a кадровая политика
|
| 610 |
1 |
|
|a производительность труда
|
| 610 |
1 |
|
|a нормирование труда
|
| 610 |
1 |
|
|a заработная плата
|
| 610 |
1 |
|
|a учебные пособия
|
| 686 |
|
|
|a У9(2)240я73
|v LBC/SL-A
|2 rubbk
|
| 702 |
|
1 |
|a Горелов
|b Н. А.
|4 340
|
| 801 |
|
1 |
|a RU
|b 63413507
|c 20100628
|
| 801 |
|
2 |
|a RU
|b 63413507
|c 20121017
|g RCR
|
| 900 |
|
|
|a Антикризисное управление
|
| 942 |
|
|
|c BK
|
| 951 |
|
|
|b 080104
|
| 955 |
|
|
|d Антикризисное управление человеческими ресурсами
|l 8.1
|l 8.3
|
| 959 |
|
|
|a 46/20100628
|d 1
|e 355,00
|f ЧЗГЛ:1
|